01265nam a2200313 4500003000400000005001700004008004100021020002200062020001500084040001700099041000800116050002000124100003100144240008100175245010600256250001000362264003500372300001600407336002200423337002400445338002400469500011900493505019100612650003400803700004000837700004200877942001500919999001700934OSt20260530113852.0260422b1978 mx a|||| |||| 00| 0 spa d a9682315662 (v. 3) a9682300487 aICbspacICI aspa aT15bD4718 19901 a Derry, T. K.d190593134210aShort history of technology, form the earliest time to a.d. 1900.lEspañol10aHistoria de la Tecnología c por T. K. Derry y Trevor I. Williams ; tr. Carlos Caranci... [y otros] a2 ed. 1aMéxico :bSiglo XXI, c1978- avolúmenes atexto2rdacontent asin medio2rdamedia avolumen2rdacarrier aReimpresiones: (v. 1. 22a, 2004) -- (v. 2. 19a, 2006) -- (v. 3. 18a, 2006) -- (v. 4. 9a, 2006) -- (v. 5. 9a, 2006) tContenido: v.1. Dessde la antiguedad hasta 1750 -- v. 2. Desde 1750 hasta 1900 (I) -- v.3. Desde 1750 hasta 1900 (II) -- v.4. Desde 1900 hasta 1950 (I) -- v.5. Desde 1900 hasta 1950 (II) aTecnologíaxHistoria931343 1aCaranci, Carlo A.etraductor931344 1aWilliams, Trevor Illtydeautor931345 2lcccBKn1 c11494d11494